| 000 | 00604cam a2200193 a 4500 | ||
|---|---|---|---|
| 020 | _a0471552313 (acidfree paper) | ||
| 040 | _cDLC | ||
| 082 | 0 | 0 | _a624 WIL 1994 A036 Or. |
| 100 | 1 | _aXanthakos, Petros P. | |
| 245 | 1 | 0 | _aGround control and improvement / |
| 260 |
_aNew York : _bJ. Wiley, _cc1994. |
||
| 300 |
_axxv, 910 p. : _bill. ; _c24 cm. |
||
| 650 | 0 | _aGround control (Mining) | |
| 700 | 1 | _aAbramson, Lee W. | |
| 700 | 1 | _aBruce, Donald A. | |
| 856 | 4 | 2 | _uhttp://www.loc.gov/catdir/description/wiley033/93033106.html |
| 856 | 4 | _uhttp://www.loc.gov/catdir/toc/onix03/93033106.html | |
| 942 | _cEK | ||
| 999 |
_c11362 _d11362 |
||